Pyrosequencing analysis of BRCA1 methylation level in breast cancer cells

BRCA1 and BRCA2 genes are crucial for double-strand break repair by homologous recombination, and mutations in these genes are responsible for most familial breast carcinomas. Cells with inactivating mutations of the BRCA1 or BRCA2 tumor suppressor genes are sensitive to poly (ADP-ribose) polymerase...

Full description

Saved in:
Bibliographic Details
Main Authors: Cai, Fengfeng (Author) , Ge, Isabell Xiang (Author) , Wang, Minghong (Author) , Biskup, Ewelina (Author) , Lin, Xiaoyan (Author) , Zhong, Xiaoyan (Author)
Format: Article (Journal)
Language:English
Published: 2014
In: Tumor biology
Year: 2013, Volume: 35, Issue: 4, Pages: 3839-3844
ISSN:1423-0380
DOI:10.1007/s13277-013-1508-2
Online Access:Resolving-System, lizenzpflichtig, Volltext: https://doi.org/10.1007/s13277-013-1508-2
Verlag, lizenzpflichtig, Volltext: https://link.springer.com/article/10.1007%2Fs13277-013-1508-2
Get full text
Author Notes:Fengfeng Cai, Isabell Ge, Minghong Wang, Ewelina Biskup, Xiaoyan Lin, Xiaoyan Zhong

MARC

LEADER 00000caa a2200000 c 4500
001 1727752821
003 DE-627
005 20220818183132.0
007 cr uuu---uuuuu
008 200825r20142013xx |||||o 00| ||eng c
024 7 |a 10.1007/s13277-013-1508-2  |2 doi 
035 |a (DE-627)1727752821 
035 |a (DE-599)KXP1727752821 
035 |a (OCoLC)1341357592 
040 |a DE-627  |b ger  |c DE-627  |e rda 
041 |a eng 
084 |a 33  |2 sdnb 
100 1 |a Cai, Fengfeng  |e VerfasserIn  |0 (DE-588)1216524718  |0 (DE-627)1727754891  |4 aut 
245 1 0 |a Pyrosequencing analysis of BRCA1 methylation level in breast cancer cells  |c Fengfeng Cai, Isabell Ge, Minghong Wang, Ewelina Biskup, Xiaoyan Lin, Xiaoyan Zhong 
264 1 |c 2014 
300 |a 6 
336 |a Text  |b txt  |2 rdacontent 
337 |a Computermedien  |b c  |2 rdamedia 
338 |a Online-Ressource  |b cr  |2 rdacarrier 
500 |a Published online: 15 December 2013 
500 |a Gesehen am 25.08.2020 
520 |a BRCA1 and BRCA2 genes are crucial for double-strand break repair by homologous recombination, and mutations in these genes are responsible for most familial breast carcinomas. Cells with inactivating mutations of the BRCA1 or BRCA2 tumor suppressor genes are sensitive to poly (ADP-ribose) polymerase-1 (PARP1) inhibitors. Already in 2010, it has been predicted, that BRCA1 hypermethylation might be sensitive to PARP1 inhibitor. However, till today, a statistically significant proof has been missing, and the effectiveness of PARP1 inhibitors for breast cancer caused by BRCA1 promoter hypermethylation remained elusive. Pyrosequencing has been proposed as an optimal method to investigate the methylation status of the BRCA1 genes. Here, we show for the first time that BRCA1 CpG island hypermethylation is sensitive to PARP1 inhibitors. In clinical settings, this might improve treatment response and provide a more personalized therapy for breast cancer patients. Furthermore, the determination of methylation status of BRCA1 and other genes of the BRCA/homologous recombination (HR) pathway may be an important predictive classifier of response to PARP inhibitor therapy. 
534 |c 2013 
700 1 |a Ge, Isabell Xiang  |d 1991-  |e VerfasserIn  |0 (DE-588)1214337996  |0 (DE-627)1725324881  |4 aut 
700 1 |a Wang, Minghong  |e VerfasserIn  |4 aut 
700 1 |a Biskup, Ewelina  |e VerfasserIn  |4 aut 
700 1 |a Lin, Xiaoyan  |e VerfasserIn  |4 aut 
700 1 |a Zhong, Xiaoyan  |e VerfasserIn  |4 aut 
773 0 8 |i Enthalten in  |t Tumor biology  |d Amsterdam : IOS Press, 1987  |g 35(2014), 4, Seite 3839-3844  |h Online-Ressource  |w (DE-627)300897855  |w (DE-600)1483579-4  |w (DE-576)276271211  |x 1423-0380  |7 nnas  |a Pyrosequencing analysis of BRCA1 methylation level in breast cancer cells 
773 1 8 |g volume:35  |g year:2014  |g number:4  |g pages:3839-3844  |g extent:6  |a Pyrosequencing analysis of BRCA1 methylation level in breast cancer cells 
856 4 0 |u https://doi.org/10.1007/s13277-013-1508-2  |x Resolving-System  |x Verlag  |z lizenzpflichtig  |3 Volltext 
856 4 0 |u https://link.springer.com/article/10.1007%2Fs13277-013-1508-2  |x Verlag  |z lizenzpflichtig  |3 Volltext 
951 |a AR 
992 |a 20200825 
993 |a Article 
994 |a 2014 
998 |g 1214337996  |a Ge, Isabell Xiang  |m 1214337996:Ge, Isabell Xiang  |d 50000  |e 50000PG1214337996  |k 0/50000/  |p 2 
999 |a KXP-PPN1727752821  |e 3742522248 
BIB |a Y 
SER |a journal 
JSO |a {"note":["Published online: 15 December 2013","Gesehen am 25.08.2020"],"type":{"media":"Online-Ressource","bibl":"article-journal"},"language":["eng"],"recId":"1727752821","person":[{"role":"aut","roleDisplay":"VerfasserIn","display":"Cai, Fengfeng","given":"Fengfeng","family":"Cai"},{"role":"aut","roleDisplay":"VerfasserIn","display":"Ge, Isabell Xiang","given":"Isabell Xiang","family":"Ge"},{"role":"aut","display":"Wang, Minghong","roleDisplay":"VerfasserIn","given":"Minghong","family":"Wang"},{"display":"Biskup, Ewelina","roleDisplay":"VerfasserIn","role":"aut","family":"Biskup","given":"Ewelina"},{"given":"Xiaoyan","family":"Lin","role":"aut","display":"Lin, Xiaoyan","roleDisplay":"VerfasserIn"},{"role":"aut","roleDisplay":"VerfasserIn","display":"Zhong, Xiaoyan","given":"Xiaoyan","family":"Zhong"}],"title":[{"title":"Pyrosequencing analysis of BRCA1 methylation level in breast cancer cells","title_sort":"Pyrosequencing analysis of BRCA1 methylation level in breast cancer cells"}],"physDesc":[{"extent":"6 S."}],"relHost":[{"part":{"extent":"6","text":"35(2014), 4, Seite 3839-3844","volume":"35","issue":"4","pages":"3839-3844","year":"2014"},"pubHistory":["Nachgewiesen 8.1987 -"],"recId":"300897855","language":["eng"],"note":["Fortsetzung der Druck-Ausgabe","Gesehen am 07.04.2025"],"disp":"Pyrosequencing analysis of BRCA1 methylation level in breast cancer cellsTumor biology","type":{"bibl":"periodical","media":"Online-Ressource"},"title":[{"subtitle":"from basic science to clinical application ; the journal of the International Society for Oncodevelopmental Biology and Medicine (ISOBM)","title":"Tumor biology","title_sort":"Tumor biology"}],"physDesc":[{"extent":"Online-Ressource"}],"id":{"eki":["300897855"],"zdb":["1483579-4"],"issn":["1423-0380"]},"origin":[{"publisherPlace":"Amsterdam ; Basel ; Berlin ; Heidelberg ; London","publisher":"IOS Press ; Karger ; Springer ; Sage Publishing","dateIssuedDisp":"[1987?]-"}]}],"name":{"displayForm":["Fengfeng Cai, Isabell Ge, Minghong Wang, Ewelina Biskup, Xiaoyan Lin, Xiaoyan Zhong"]},"origin":[{"dateIssuedDisp":"2014","dateIssuedKey":"2014"}],"id":{"doi":["10.1007/s13277-013-1508-2"],"eki":["1727752821"]}} 
SRT |a CAIFENGFENPYROSEQUEN2014